000 00586nam a2200181Ia 4500
003 GCL
008 140319s9999 xx 000 0 ara d
040 _aGCL /
_cGCL
082 0 4 _aد
_b050
100 1 _aسيد حنفى حسنين (تحقيق)
245 1 0 _aالفروسية العربية فى العصر الجاهلى ( اقرا 211 ) /
_cسيد حنفى حسنين (تحقيق)
300 _a128
490 _aوثائق ونصوص
_v0
650 0 4 _aالفروسية
650 0 4 _aالفروسية فى الادب
650 0 4 _aالشجاعة فى الادب
942 _2ddc
_cCF
999 _c27199
_d27199